000 00743nam a2200229 u 4500
005 20240621063651.0
008 160419s2007 mx r 000 0 spa d
020 _a9789689432142
035 _aUPN01000209659
049 _aI
050 4 _aPQ2469 E8
_bV4f
100 1 _aVerne, Jules,
_d1828-1905
_927907
245 1 0 _a20 mil leguas de viaje submarino /
_cJulio Verne ; il. por Ariel Olivetti.
260 _aMéxico :
_bContenidos Estudiantiles México,
_c2007
300 _a43 p. :
_bil. col.
440 0 _aCiencia ficción en los clásicos
650 0 _aLiteratura francesa
_ySiglo XIX
_912797
650 4 _aExploraciones submarinas
_vNovela
_94449
650 0 _aHistorias de aventuras
_94131
905 _aInfantil
999 _c181760
_d181760